00519nam a2200193 a 4500001001300000003000900013005001700022008004100039020002300080082002100103100002100124245005700145260003200202300000900234500003500243505001000278650001600288700002100304nice12345678IN_TiNIC20260116013144.0050524s1986 newa grp 000 0 eng  a0862322 c10000a306.0899145bJOS aJoshi, Barbara R aUntouchable! Voices of the Dalit Liberation Movement aNew JerseybZed Booksc1986 a166p aincludes index and biblioraphy2 aIndex aCaste-India1 aJoshi, Barbara R